[Event "San Fernando op 16th"]
[Site "Cadiz"]
[Date "2002.07.26"]
[Round "4"]
[White "Ocana Roca, Juan Jesus"]
[Black "Rodriguez Talavera, Juan Carlos"]
[Result "1-0"]
[WhiteElo "2133"]
[BlackElo "2405"]
[PlyCount "83"]
[EventDate "2002.07.24"]
[EventType "swiss"]
[EventRounds "7"]
[EventCountry "ESP"]
[SourceTitle "CBM 089 Extra"]
[Source "ChessBase"]
[SourceDate "2002.09.10"]
[SourceVersion "2"]
[SourceVersionDate "2002.09.10"]
[SourceQuality "1"]

1. e4 c5 2. Nf3 e6 3. Nc3 Nc6 4. d4 cxd4 5. Nxd4 Nf6 6. g3 d5 7. exd5 Nxd5 8. Nxc6 bxc6 9. Bg2 Ba6 10. Ne2 Bb4+ 11. c3 Bc5 12. 0-0 0-0 13. b3 Bxe2 14. Qxe2 Nxc3 15. Qc2 Bd4 16. Ba3 Qf6 17. Bxf8 Rxf8 18. Rac1 c5 19. Kh1 a5 20. f4 Rd8 21. Rf3 Nd5 22. Qd2 g6 23. Qxa5 Ne3 24. Qe1 Nxg2 25. Kxg2 Ra8 26. a4 Qf5 27. Qd2 Qd5 28. Qd3 Qb7 29. Rc4 Rd8 30. Rxc5 Bf6 31. Qe2 h5 32. h4 Rd6 33. Kh2 Qd7 34. Rc2 Rd5 35. Ra2 Bd8 36. b4 Rd4 37. b5 Ba5 38. Rf1 Qd5 39. Qg2 Qb3 40. Rb2 Qxa4 41. b6 Bc3 42. b7 1-0

[Event "San Roque"]
[Site "San Roque"]
[Date "1996.??.??"]
[Round "4"]
[White "Rodriguez Talavera, Juan Carlos"]
[Black "Garcia Ilundain, David"]
[Result "1/2-1/2"]
[WhiteElo "2425"]
[BlackElo "2550"]
[PlyCount "24"]
[EventDate "1996.02.??"]
[EventType "tourn"]
[EventRounds "9"]
[EventCountry "ESP"]
[EventCategory "11"]
[SourceTitle "CBM 057"]
[Source "ChessBase"]
[SourceDate "1997.04.01"]
[SourceVersion "1"]
[SourceVersionDate "1997.04.01"]
[SourceQuality "1"]

1. e4 c5 2. c3 d6 3. d4 Nf6 4. dxc5 Nc6 5. f3 d5 6. exd5 Qxd5 7. Qxd5 Nxd5 8. Bc4 e6 9. Bxd5 exd5 10. Be3 Ne5 11. b3 Nd3+ 12. Kd2 Nxc5 1/2-1/2

[Event "ESP-chT"]
[Site "Cordoba"]
[Date "1995.??.??"]
[Round "1"]
[White "Rodriguez Talavera, Juan Carlos"]
[Black "Unrath, Heiko"]
[Result "1-0"]
[WhiteElo "2420"]
[BlackElo "2320"]
[PlyCount "80"]
[EventDate "1995.??.??"]
[EventType "team-tourn"]
[EventRounds "9"]
[EventCountry "ESP"]
[SourceTitle "EXT 2000"]
[Source "ChessBase"]
[SourceDate "1999.11.16"]
[SourceVersion "1"]
[SourceVersionDate "1999.11.16"]
[SourceQuality "1"]

1. e4 e6 2. Nf3 d5 3. Nc3 d4 4. Ne2 c5 5. c3 Nc6 6. cxd4 cxd4 7. Qa4 Bc5 8. b4 Bxb4 9. Nexd4 Qa5 10. Qxa5 Bxa5 11. Nxc6 bxc6 12. Ba3 Nf6 13. Bd3 Bb7 14. Ke2 Bb6 15. Ne5 Bc7 16. Rab1 Rb8 17. Nc4 Kd7 18. Bc5 Ba6 19. f3 Rxb1 20. Rxb1 Rb8 21. Rxb8 Bxb8 22. g3 Bb5 23. Bd4 Ke8 24. Ke3 a6 25. Be2 Kf8 26. a4 Bxc4 27. Bxc4 Nd7 28. Bxa6 e5 29. Bc3 Ba7+ 30. d4 Ke7 31. a5 Nf8 32. Bc4 Ne6 33. Bxe6 Kxe6 34. Kd3 f6 35. Kc4 Kd6 36. Bb4+ Kc7 37. dxe5 fxe5 38. Bc5 Bxc5 39. Kxc5 g5 40. a6 h5 1-0

[Event "ESP-chT"]
[Site "Cordoba"]
[Date "1995.??.??"]
[Round "2"]
[White "Sanz Alonso, Francisco Javier"]
[Black "Rodriguez Talavera, Juan Carlos"]
[Result "1/2-1/2"]
[WhiteElo "2400"]
[BlackElo "2420"]
[PlyCount "160"]
[EventDate "1995.??.??"]
[EventType "team-tourn"]
[EventRounds "9"]
[EventCountry "ESP"]
[SourceTitle "EXT 2000"]
[Source "ChessBase"]
[SourceDate "1999.11.16"]
[SourceVersion "1"]
[SourceVersionDate "1999.11.16"]
[SourceQuality "1"]

1. e4 e5 2. Nf3 Nc6 3. Bb5 a6 4. Ba4 Nf6 5. 0-0 Be7 6. Re1 b5 7. Bb3 d6 8. c3 0-0 9. h3 Bb7 10. d4 Re8 11. Ng5 Rf8 12. Nf3 Re8 13. Nbd2 Bf8 14. a3 g6 15. Ba2 h6 16. b4 Bg7 17. Bb2 Nh5 18. Nf1 Nf4 19. Ng3 Qf6 20. Re3 Rad8 21. Ne2 g5 22. Nxf4 gxf4 23. Re2 Bc8 24. Kh2 Ne7 25. c4 Ng6 26. cxb5 axb5 27. Rc1 Nh4 28. Rd2 exd4 29. Rxc7 Re7 30. Bxd4 Nxf3+ 31. Qxf3 Qxd4 32. Rxd4 Rxc7 33. Rd3 Be5 34. Bb3 Bb7 35. Qg4+ Kh7 36. Qf5+ Kg7 37. Qg4+ Kh7 38. Qf5+ Kg7 39. Rf3 Bc8 40. Qh5 Bb7 41. Qg4+ Kh7 42. Qf5+ Kg7 43. a4 bxa4 44. Bxa4 Ra8 45. Bb3 Ra1 46. b5 Rb1 47. b6 Re7 48. Qg4+ Kf8 49. Bd5 Rxb6 50. Qh4 Bxd5 51. exd5 Bg7 52. g3 fxg3+ 53. Rxg3 Rbb7 54. Qg4 f6 55. Qg6 Rf7 56. Re3 Rbd7 57. Re6 Rd8 58. Qg3 Rfd7 59. Qf4 Kg8 60. Kg3 f5 61. Qxf5 Rf7 62. Qg4 Rdf8 63. f4 h5 64. Qxh5 Rxf4 65. Re8 Be5 66. Rxf8+ Rxf8+ 67. Kg4 Rf7 68. Kg5 Bf4+ 69. Kg6 Be5 70. Qh4 Rg7+ 71. Kf5 Rg3 72. Qh5 Rg7 73. h4 Re7 74. Qh6 Rg7 75. Ke6 Rg3 76. Ke7 Rg7+ 77. Ke8 Rg3 78. Qe6+ Kh7 79. Qf5+ Kh6 80. Kf7 Rg2 1/2-1/2

[Event "ESP-chT"]
[Site "Cala Galdana"]
[Date "1994.??.??"]
[Round "?"]
[White "De la Villa Garcia, Jesus Maria"]
[Black "Rodriguez Talavera, Juan Carlos"]
[Result "1/2-1/2"]
[WhiteElo "2470"]
[BlackElo "2355"]
[PlyCount "122"]
[EventDate "1994.??.??"]
[EventType "team-tourn"]
[EventRounds "9"]
[EventCountry "ESP"]
[SourceTitle "EXT 1997"]
[Source "ChessBase"]
[SourceDate "1996.11.15"]
[SourceVersion "1"]
[SourceVersionDate "1996.11.15"]
[SourceQuality "1"]

1. e4 e5 2. Nf3 Nc6 3. Bb5 a6 4. Bxc6 dxc6 5. 0-0 f6 6. d4 Bg4 7. dxe5 Qxd1 8. Rxd1 fxe5 9. Be3 Nf6 10. Nbd2 Bd6 11. Re1 0-0-0 12. Ng5 Rhe8 13. f3 Bh5 14. Red1 h6 15. Nh3 Bf7 16. Nf2 c5 17. b3 Nd7 18. Nd3 b6 19. Nb2 Nb8 20. Bf2 Nc6 21. c3 Be7 22. Kf1 Rd7 23. Ke2 Red8 24. Be3 Kb7 25. Rac1 Bf8 26. Rh1 Kc8 27. Rc2 Kb7 28. Nb1 Nd4+ 29. cxd4 exd4 30. Nd3 dxe3 31. Ne5 Re7 32. Nxf7 Rxf7 33. Kxe3 Bd6 34. g3 g5 35. Rf1 Be5 36. Nd2 Rdf8 37. Nc4 Bd4+ 38. Ke2 h5 39. Ne3 Re8 40. h3 c6 41. Rh1 b5 42. g4 Bxe3 43. Kxe3 Ref8 44. Rf1 Kb6 45. gxh5 Rh7 46. Rg1 Rxh5 47. Rg3 Rh7 48. Rxg5 Rxh3 49. Rf5 Rxf5 50. exf5 Rh4 51. f4 Rh8 52. f6 Rf8 53. Ke4 Rxf6 54. Ke5 Rf8 55. f5 Kc7 56. Ke6 Re8+ 57. Kf7 Re4 58. f6 c4 59. bxc4 bxc4 60. Kg6 Kd7 61. Kf5 Re3 1/2-1/2

[Event "ESP-chT"]
[Site "Cala Galdana"]
[Date "1994.??.??"]
[Round "4"]
[White "Rodriguez Talavera, Juan Carlos"]
[Black "Magem Badals, Jordi"]
[Result "1/2-1/2"]
[WhiteElo "2355"]
[BlackElo "2505"]
[PlyCount "25"]
[EventDate "1994.??.??"]
[EventType "team-tourn"]
[EventRounds "9"]
[EventCountry "ESP"]
[SourceTitle "EXT 1998"]
[Source "ChessBase"]
[SourceDate "1997.11.17"]
[SourceVersion "1"]
[SourceVersionDate "1997.11.17"]
[SourceQuality "1"]

1. c4 c6 2. d4 d5 3. Nf3 Nf6 4. Nc3 a6 5. cxd5 cxd5 6. Bf4 Nc6 7. e3 Bg4 8. Be2 e6 9. Ne5 Bxe2 10. Qxe2 Rc8 11. 0-0 Be7 12. Rfc1 Nxe5 13. Bxe5 1/2-1/2

[Event "Moncase"]
[Site "Moncase"]
[Date "1993.??.??"]
[Round "4"]
[White "Campora, Daniel Hugo"]
[Black "Rodriguez Talavera, Juan Carlos"]
[Result "1/2-1/2"]
[WhiteElo "2550"]
[BlackElo "2350"]
[PlyCount "41"]
[EventDate "1993.??.??"]
[EventType "tourn"]
[EventRounds "9"]
[EventCountry "ESP"]
[EventCategory "4"]
[SourceTitle "EXT 2002"]
[Source "ChessBase"]
[SourceDate "2001.11.25"]
[SourceVersion "1"]
[SourceVersionDate "2001.11.25"]
[SourceQuality "1"]

1. e4 e5 2. Nf3 Nc6 3. Bb5 a6 4. Ba4 Nf6 5. 0-0 Be7 6. Bxc6 dxc6 7. d3 Nd7 8. Nbd2 0-0 9. Nc4 f6 10. Nh4 b5 11. Ne3 g6 12. Qg4 Nc5 13. Qe2 Ne6 14. Nf3 Nf4 15. Qd1 c5 16. a4 Be6 17. Re1 Qd7 18. Nf1 g5 19. Ne3 c6 20. Nd2 Rad8 21. axb5 1/2-1/2

[Event "ESP-chT"]
[Site "Spain"]
[Date "1993.??.??"]
[Round "?"]
[White "Gallego Jimenez, Victoriano"]
[Black "Rodriguez Talavera, Juan Carlos"]
[Result "1-0"]
[WhiteElo "2365"]
[BlackElo "2375"]
[PlyCount "91"]
[EventDate "1993.??.??"]
[EventType "team-tourn"]
[EventRounds "9"]
[EventCountry "ESP"]
[SourceTitle "TD"]
[Source "ChessBase"]
[SourceDate "1994.03.01"]
[SourceVersion "1"]
[SourceVersionDate "1994.03.01"]
[SourceQuality "1"]

1. d4 Nf6 2. c4 e6 3. Nc3 d5 4. cxd5 exd5 5. Bg5 Be7 6. e3 Nbd7 7. Bd3 Nf8 8. Nf3 Ne6 9. Bh4 0-0 10. 0-0 g6 11. Qc2 c6 12. Rab1 a5 13. a3 Ng7 14. b4 axb4 15. axb4 Bf5 16. Bxf6 Bxf6 17. Bxf5 Nxf5 18. b5 Nd6 19. bxc6 bxc6 20. Nd2 Be7 21. Na4 Qa5 22. Nb6 Ra6 23. Nd7 Rc8 24. Nb8 Rb6 25. Ra1 Qb5 26. Rfb1 Rbxb8 27. Rxb5 cxb5 28. Qd1 b4 29. Nb3 Ne4 30. Ra7 Kf8 31. Qg4 Nf6 32. Qf4 Ra8 33. Rxa8 Rxa8 34. g4 Rc8 35. Qe5 h6 36. h4 Ke8 37. g5 hxg5 38. hxg5 Nd7 39. Qxd5 Rc3 40. Na5 Rc1+ 41. Kg2 Rc8 42. Qb7 Rb8 43. Qe4 Kf8 44. Nc6 Re8 45. Nxe7 Rxe7 46. Qb7 1-0

[Event "ESP-chT"]
[Site "Spain"]
[Date "1993.??.??"]
[Round "?"]
[White "Perez Pardo, Juan Carlos"]
[Black "Rodriguez Talavera, Juan Carlos"]
[Result "0-1"]
[WhiteElo "2275"]
[BlackElo "2375"]
[PlyCount "22"]
[EventDate "1993.??.??"]
[EventType "team-tourn"]
[EventRounds "9"]
[EventCountry "ESP"]
[SourceTitle "TD"]
[Source "ChessBase"]
[SourceDate "1994.03.01"]
[SourceVersion "1"]
[SourceVersionDate "1994.03.01"]
[SourceQuality "1"]

1. c4 g6 2. Nc3 Bg7 3. Nf3 c5 4. g3 Nc6 5. Bg2 Nh6 6. b3 Nf5 7. Bb2 d6 8. e3 0-0 9. 0-0 e5 10. d3 Be6 11. Ng5 Qxg5 0-1

[Event "Moncase"]
[Site "Moncase"]
[Date "1993.??.??"]
[Round "2"]
[White "Perez Pardo, Juan Carlos"]
[Black "Rodriguez Talavera, Juan Carlos"]
[Result "0-1"]
[WhiteElo "2285"]
[BlackElo "2350"]
[PlyCount "110"]
[EventDate "1993.??.??"]
[EventType "tourn"]
[EventRounds "9"]
[EventCountry "ESP"]
[EventCategory "4"]
[SourceTitle "EXT 2002"]
[Source "ChessBase"]
[SourceDate "2001.11.25"]
[SourceVersion "1"]
[SourceVersionDate "2001.11.25"]
[SourceQuality "1"]

1. e4 e5 2. Nf3 Nc6 3. Bc4 Bc5 4. c3 Nf6 5. b4 Bb6 6. d3 d6 7. a4 a5 8. b5 Ne7 9. 0-0 0-0 10. Bg5 Ng6 11. Nh4 Nxh4 12. Bxh4 h6 13. Bxf6 Qxf6 14. Bd5 Rb8 15. Nd2 Be6 16. Nc4 Bxd5 17. exd5 Rbe8 18. Qc2 Qg6 19. Rae1 f5 20. Kh1 Qf7 21. Nxb6 cxb6 22. c4 Rc8 23. Re2 Qc7 24. Rc1 Rfe8 25. f4 Qc5 26. fxe5 Rxe5 27. Rxe5 dxe5 28. Re1 Re8 29. h3 Qd4 30. Qe2 e4 31. Qh5 Re5 32. dxe4 fxe4 33. Rd1 Qb2 34. Qg4 e3 35. d6 e2 36. Re1 Qd2 37. Qg3 Qxd6 38. Kh2 Qe7 39. Qf2 Re6 40. Qf3 Kh8 41. Kh1 Re3 42. Qf2 Qe6 43. Kh2 Re4 44. g3 Qxc4 45. Qxb6 Qf7 46. Kg1 Qf3 47. Qf2 Qxf2+ 48. Kxf2 Rxa4 49. Rxe2 Rb4 50. Re5 b6 51. Kf3 Kh7 52. g4 a4 53. Kg2 a3 54. Re3 a2 55. Ra3 Rb2+ 0-1

[Event "Seville op"]
[Site "Seville"]
[Date "1993.??.??"]
[Round "4"]
[White "Pogorelov, Ruslan"]
[Black "Rodriguez Talavera, Juan Carlos"]
[Result "1-0"]
[WhiteElo "2400"]
[BlackElo "2350"]
[PlyCount "88"]
[EventDate "1993.01.??"]
[EventType "swiss"]
[EventRounds "10"]
[EventCountry "ESP"]
[SourceTitle "TD"]
[Source "ChessBase"]
[SourceDate "1994.03.01"]
[SourceVersion "1"]
[SourceVersionDate "1994.03.01"]
[SourceQuality "1"]

1. Nf3 Nf6 2. c4 c5 3. Nc3 Nc6 4. d4 cxd4 5. Nxd4 e6 6. a3 Be7 7. g3 d5 8. Bg2 0-0 9. 0-0 dxc4 10. Nxc6 bxc6 11. Qa4 Bb7 12. Qxc4 Qc8 13. b4 Nd5 14. Bb2 Bf6 15. Rfe1 a5 16. Rac1 axb4 17. axb4 Qb8 18. Qb3 Ba6 19. Nxd5 cxd5 20. Bxf6 gxf6 21. e4 Bc4 22. Qc3 Kg7 23. exd5 exd5 24. Qd4 Qb5 25. Bxd5 Bxd5 26. Rc5 Rfe8 27. Rec1 Qe2 28. Rxd5 Re6 29. b5 Rae8 30. Kg2 h6 31. Rf5 Re5 32. Rc5 R8e6 33. Rfxe5 fxe5 34. Qc4 Qd2 35. Rc6 Re8 36. b6 Qd7 37. Rc7 Qf5 38. b7 e4 39. Qc3+ Kg6 40. Rc6+ Kh7 41. Qe3 Rb8 42. Qxh6+ Kg8 43. Rf6 Qd5 44. Rf4 e3+ 1-0

[Event "Moncase"]
[Site "Moncase"]
[Date "1993.??.??"]
[Round "5"]
[White "Rodriguez Talavera, Juan Carlos"]
[Black "Westerinen, Heikki MJ"]
[Result "1/2-1/2"]
[WhiteElo "2350"]
[BlackElo "2380"]
[PlyCount "37"]
[EventDate "1993.??.??"]
[EventType "tourn"]
[EventRounds "9"]
[EventCountry "ESP"]
[EventCategory "4"]
[SourceTitle "EXT 2002"]
[Source "ChessBase"]
[SourceDate "2001.11.25"]
[SourceVersion "1"]
[SourceVersionDate "2001.11.25"]
[SourceQuality "1"]

1. e4 Nf6 2. e5 Nd5 3. d4 d6 4. Nf3 Nb6 5. Be2 g6 6. exd6 cxd6 7. 0-0 Bg7 8. Be3 0-0 9. Qd2 e5 10. Nc3 Nc6 11. Rad1 Bg4 12. dxe5 dxe5 13. Qc1 Qe7 14. h3 Bxf3 15. Bxf3 Nd4 16. Bxd4 exd4 17. Nd5 Qc5 18. Nxb6 Qxb6 19. Rd3 1/2-1/2

[Event "Dos Hermanas"]
[Site "Dos Hermanas"]
[Date "1992.??.??"]
[Round "4"]
[White "Campora, Daniel Hugo"]
[Black "Rodriguez Talavera, Juan Carlos"]
[Result "0-1"]
[WhiteElo "2550"]
[BlackElo "2375"]
[PlyCount "52"]
[EventDate "1992.05.??"]
[EventType "tourn"]
[EventRounds "9"]
[EventCountry "ESP"]
[EventCategory "10"]
[SourceTitle "CBM 031"]
[Source "ChessBase"]
[SourceDate "1992.12.01"]
[SourceVersion "1"]
[SourceVersionDate "1992.12.01"]
[SourceQuality "1"]

1. e4 e5 2. Nf3 Nc6 3. d4 exd4 4. Nxd4 Bc5 5. Be3 Qf6 6. c3 Nge7 7. Nc2 Bb6 8. g3 d5 9. Bxb6 axb6 10. exd5 Ne5 11. f4 Qg6 12. fxe5 Qe4+ 13. Kd2 Bg4 14. Qe1 Qxd5+ 15. Bd3 0-0-0 16. Qf1 Bf5 17. Nb4 Bxd3 18. Nxd3 Qe4 19. Na3 Rxd3+ 20. Qxd3 Qg2+ 21. Ke3 Rd8 22. Qxd8+ Kxd8 23. Rhd1+ Nd5+ 24. Kd4 Ke7 25. Rd3 c5+ 26. Kc4 Qe4+ 0-1

[Event "Dos Hermanas"]
[Site "Dos Hermanas"]
[Date "1992.??.??"]
[Round "8"]
[White "De la Villa Garcia, Jesus Maria"]
[Black "Rodriguez Talavera, Juan Carlos"]
[Result "1-0"]
[WhiteElo "2450"]
[BlackElo "2375"]
[PlyCount "91"]
[EventDate "1992.05.??"]
[EventType "tourn"]
[EventRounds "9"]
[EventCountry "ESP"]
[EventCategory "10"]
[SourceTitle "CBM 031"]
[Source "ChessBase"]
[SourceDate "1992.12.01"]
[SourceVersion "1"]
[SourceVersionDate "1992.12.01"]
[SourceQuality "1"]

1. e4 e5 2. Nf3 Nc6 3. Bb5 a6 4. Ba4 Nf6 5. 0-0 Be7 6. Re1 b5 7. Bb3 d6 8. c3 0-0 9. h3 Bb7 10. d4 Re8 11. Ng5 Rf8 12. Nf3 Re8 13. Nbd2 Bf8 14. Bc2 h6 15. d5 Nb8 16. b3 c6 17. c4 Nbd7 18. a4 g6 19. Ba3 Rc8 20. Nf1 cxd5 21. cxd5 Nc5 22. N3d2 h5 23. axb5 axb5 24. b4 Ncd7 25. Nb3 Nb6 26. Na5 Ba6 27. Bc1 Qc7 28. Bd3 Ra8 29. Re2 Nc4 30. Rc2 Nd7 31. g4 h4 32. Bg5 Be7 33. Bxe7 Rxe7 34. Nxc4 bxc4 35. Bxc4 Bb7 36. Rxa8+ Bxa8 37. Bb5 Qb8 38. Bxd7 Rxd7 39. Qc1 Rd8 40. Qg5 Bb7 41. b5 Rd7 42. Qxh4 Rc7 43. Rxc7 Qxc7 44. Qg5 Qc5 45. Ng3 Kf8 46. h4 1-0

[Event "Ponferrada op"]
[Site "Ponferrada"]
[Date "1992.??.??"]
[Round "?"]
[White "De la Villa Garcia, Jesus Maria"]
[Black "Rodriguez Talavera, Juan Carlos"]
[Result "0-1"]
[WhiteElo "2475"]
[BlackElo "2360"]
[PlyCount "82"]
[EventDate "1992.08.??"]
[EventType "swiss"]
[EventRounds "9"]
[EventCountry "ESP"]
[SourceTitle "EXT 2000"]
[Source "ChessBase"]
[SourceDate "1999.11.16"]
[SourceVersion "1"]
[SourceVersionDate "1999.11.16"]
[SourceQuality "1"]

1. e4 e5 2. Nf3 Nc6 3. Bb5 a6 4. Ba4 Nf6 5. 0-0 Be7 6. Re1 b5 7. Bb3 0-0 8. c3 d6 9. h3 Bb7 10. d4 Re8 11. Ng5 Rf8 12. Nf3 Re8 13. Nbd2 Bf8 14. Bc2 g6 15. d5 Nb8 16. b3 c6 17. c4 Nbd7 18. a4 Qc7 19. Ba3 cxd5 20. cxd5 Rec8 21. Ra2 bxa4 22. bxa4 a5 23. Bd3 Ba6 24. Bxa6 Rxa6 25. Qe2 Raa8 26. g3 Nc5 27. Rc1 Nfd7 28. Nb3 Rab8 29. Nxc5 Nxc5 30. Bxc5 dxc5 31. Rc4 Rb4 32. Kg2 Rxc4 33. Qxc4 Rb8 34. Qa6 Rb4 35. Nd2 c4 36. Nf3 c3 37. Qd3 Rb2 38. Rxb2 cxb2 39. Nd2 Bd6 40. Qa6 Bb4 41. Nb1 Qc2 0-1

[Event "Seville op"]
[Site "Seville"]
[Date "1992.??.??"]
[Round "2"]
[White "Rodriguez Talavera, Juan Carlos"]
[Black "Lopez, J."]
[Result "1-0"]
[WhiteElo "2375"]
[BlackElo "2250"]
[PlyCount "81"]
[EventDate "1992.??.??"]
[EventType "swiss"]
[EventRounds "9"]
[EventCountry "ESP"]
[SourceTitle "CBM 029"]
[Source "ChessBase"]
[SourceDate "1992.08.01"]
[SourceVersion "1"]
[SourceVersionDate "1992.08.01"]
[SourceQuality "1"]

1. e4 c6 2. c4 d5 3. cxd5 cxd5 4. exd5 Nf6 5. Qa4+ Nbd7 6. Nc3 g6 7. Nf3 Bg7 8. Qb3 a6 9. a4 Qb6 10. Bc4 Qxb3 11. Bxb3 Nc5 12. Bc4 Bf5 13. d4 Nd3+ 14. Bxd3 Bxd3 15. Bf4 0-0 16. 0-0-0 Bc4 17. d6 exd6 18. Bxd6 Rfc8 19. a5 Ng4 20. Bg3 b5 21. axb6 Rab8 22. h3 Bh6+ 23. Nd2 Nf6 24. Bxb8 Rxb8 25. Kc2 Be6 26. Nde4 Nxe4 27. Nxe4 Rxb6 28. d5 Bd7 29. b3 Bg7 30. g4 Be5 31. Rhe1 f6 32. Nc5 Bb5 33. Nd3 Bd6 34. Nb2 Rb7 35. Nc4 Bb4 36. Re4 f5 37. gxf5 gxf5 38. Rg1+ Kf8 39. Rf4 Bd7 40. Ne5 Bc8 41. Rc4 1-0